000 00337nam a2200133Ia 4500
008 240624s9999 xx 000 0 und d
041 _aeng
082 _a828 PIN
100 _aPINKER STEVEN
245 _aBETTER ANGELS OF OUR NATURE
260 _c2012
_aNew Delhi
_bPenguin
300 _axxviii, : 1026 : p. : cm. ; 21
365 _cRS
_b30
999 _c27638
_d27638